Loading...
| History - World History | 0 | 9 | 2 | 2 | 80 | 79 | 109.11 | 1 | 2 |
| History - European History | 0 | 6 | 1 | 0 | 55 | 27 | 92.50 | 1 | 4 |
| Other | 0 | 5 | 1 | 1 | 45 | 96 | 110.00 | 0 | 0 |
| Science - Chemistry | 0 | 4 | 0 | 0 | 40 | 75 | 86.00 | 2 | 4 |
| Social Science | 0 | 4 | 0 | 0 | 40 | 87 | 102.00 | 0 | 1 |
| History - American History | 0 | 4 | 2 | 0 | 30 | 53 | 98.75 | 0 | 2 |
| Science - Biology | 0 | 3 | 0 | 0 | 30 | 65 | 85.67 | 2 | 3 |
| History - Other History | 0 | 3 | 1 | 0 | 25 | 18 | 56.00 | 1 | 3 |
| Philosophy | 0 | 2 | 0 | 0 | 20 | 82 | 92.00 | 0 | 0 |
| Religion | 0 | 2 | 1 | 0 | 15 | 61 | 95.00 | 1 | 1 |
| Literature - British Literature | 0 | 2 | 1 | 0 | 15 | 123 | 131.00 | 0 | 0 |
| Literature - World Literature | 0 | 1 | 0 | 0 | 10 | 132 | 132.00 | 0 | 0 |
| Fine Arts - Other Fine Arts | 0 | 1 | 0 | 0 | 10 | 116 | 116.00 | 0 | 0 |
| Fine Arts - Painting & Sculpture | 0 | 1 | 0 | 0 | 10 | 124 | 124.00 | 0 | 0 |
| Literature - American Literature | 0 | 1 | 0 | 0 | 10 | 120 | 120.00 | 0 | 1 |
| Literature - European Literature | 0 | 1 | 0 | 0 | 10 | 134 | 134.00 | 0 | 0 |
| Science - Other Science | 0 | 1 | 1 | 0 | 5 | 117 | 117.00 | 0 | 0 |
| Science - Physics | 0 | 1 | 1 | 0 | 5 | 90 | 90.00 | 0 | 0 |
| Mythology | 0 | 0 | 1 | 0 | -5 | 0.00 | 0 | 0 | |
| Fine Arts - Classical Music | 0 | 0 | 1 | 0 | -5 | 0.00 | 0 | 0 |